000 00712nam a22002297a 4500
003 UA-OsUOA
001 65183
007 ta
008 20091117b un ||||| |||| 00| 0 ukr d
090 _a821.161.2
_bД76
942 _cBK
040 _aUA-OsUOA
_bukr
_cUA-OsUOA
_dUA-OsUOA
245 _a14 Форум видавців у Львові. другий міжнародний літературний фестиваль. Альманах
_cО. Сливинський
300 _a185 с.
955 _a3
041 _aukr
080 _a821.161.2
020 _a966-537-150-9
260 _aЛьвів
_c2007
650 7 _a82 Література. Літературознавство
_2UDC
999 _c351306
_d351306